Quy hoạch gần lồi - gần lõm ứng dụng vào quy hoạch tuyến tính
Sách trình bày các khái niệm cơ bản có liên quan và hai thuật toán để giải bài tập quy hoạch gần lồi- gần lõm và trình bày việc áp dụng hai thuật toán đó.
Guardat en:
| Autor principal: | |
|---|---|
| Format: | Llibre |
| Idioma: | Undetermined |
| Publicat: |
Hà Nội
Khoa học và Kỹ thuật
2011
|
| Matèries: | |
| Etiquetes: |
Afegir etiqueta
Sense etiquetes, Sigues el primer a etiquetar aquest registre!
|
| Thư viện lưu trữ: | Trung tâm Học liệu Trường Đại học Cần Thơ |
|---|
| LEADER | 00931nam a2200205Ia 4500 | ||
|---|---|---|---|
| 001 | CTU_177486 | ||
| 008 | 210402s9999 xx 000 0 und d | ||
| 020 | |c 33000 | ||
| 082 | |a 519.72 | ||
| 082 | |b T502 | ||
| 100 | |a Nguyễn, Anh Tuấn | ||
| 245 | 0 | |a Quy hoạch gần lồi - gần lõm ứng dụng vào quy hoạch tuyến tính | |
| 245 | 0 | |c Nguyễn Anh Tuấn | |
| 260 | |a Hà Nội | ||
| 260 | |b Khoa học và Kỹ thuật | ||
| 260 | |c 2011 | ||
| 520 | |a Sách trình bày các khái niệm cơ bản có liên quan và hai thuật toán để giải bài tập quy hoạch gần lồi- gần lõm và trình bày việc áp dụng hai thuật toán đó. | ||
| 650 | |a Linear programming,Mathematical optimization,Quy hoạch tuyến tính,Toán tối ưu | ||
| 904 | |i Thư, Năm | ||
| 980 | |a Trung tâm Học liệu Trường Đại học Cần Thơ | ||